000 00422nam a22001457a 4500
005 20250124131919.0
008 250124b |||||||| |||| 00| 0 eng d
050 _aHM24
_b.C532 DUR
100 _aDurkheim Emile
245 _aSuicide:
_bA study in Sociology
_cEmile Durkheim
260 _aNew York
_bMacmillan Publishing CO., Inc
_c1951
300 _a405p.
_bill.
_c21 cm x 13.5 cm
650 _2Sociology
942 _2lcc
_cBK
_n0
999 _c3022
_d3022